| 000 | 00000nas##2200000za#4500 |
| 001 | 9.513864 |
| 003 | CaOODSP |
| 005 | 20200325132521 |
| 007 | ta |
| 008 | 150406c2003||||xxc|| p #||||f| |0fre|d |
| 022 | |a1708-5756 |
| 040 | |aCaOODSP|bfre |
| 043 | |an-cn--- |
| 086 | 1 |aR12-24F |
| 110 | 1 |aCanada.|bAffaires indiennes et du Nord. |bRégion des Territoires du Nord-Ouest. |
| 245 | 10|aQue se passe-t-il à Colomac? |
| 260 | |aYellowknife - Territoires du Nord-Ouest : |bAffaires indiennes et du Nord. |c2003--. |
| 310 | |aAnnuel |
| 500 | |aTrois fois par année avant [2005?] |
| 563 | |aDépliant |
| 775 | 08|tWhat's happening at Colomac? |w(CaOODSP)9.515539 |
| 776 | 0#|tQue se passe-t-il à Colomac? |w(CaOODSP)9.504235 |